Manažment rizika a jeho praktické uplatnenie

Manažment rizika ako integrálna súčasť podnikového manažmentu a poukázanie na jeho praktické poslanie. Stabilizácia podnikových pomerov, naplnenie základných podnikateľských cieľov a zvyšovanie podnikovej výkonnosti.

Gespeichert in:
Bibliographische Detailangaben
1. Verfasser: Markovič, Peter, 1974-
Format: Buchkapitel
Sprache:Slowakisch
Schlagworte:
Tags: Tag hinzufügen
Keine Tags, Fügen Sie das erste Tag hinzu!

MARC

LEADER 00000naa$a2200000$$$4500
001 0163358
005 20240502072834.4
041 0 |a slo 
044 |a SK 
245 1 0 |a Manažment rizika a jeho praktické uplatnenie  |c Peter Markovič 
520 |a Manažment rizika ako integrálna súčasť podnikového manažmentu a poukázanie na jeho praktické poslanie. Stabilizácia podnikových pomerov, naplnenie základných podnikateľských cieľov a zvyšovanie podnikovej výkonnosti. 
610 2 0 |a manažment 
610 2 0 |a risk management 
610 2 0 |a riadenie rizík 
610 2 0 |a riadenie podľa cieľov 
610 2 0 |a rozhodovanie manažérske 
610 2 0 |a procesy podnikové 
100 1 |a Markovič, Peter, 1974-